[Event "Cappelle Online Blitz op"]
[Site "Europe Echecs INT"]
[Date "2021.03.07"]
[Round "8"]
[White "Faure Brac, Seraphin"]
[Black "Despierres, Arthur"]
[Result "1-0"]
[WhiteElo "1996"]
[BlackElo "1681"]
[PlyCount "81"]
[EventDate "2021.03.07"]
[EventType "swiss (blitz)"]
[EventRounds "11"]
[EventCountry "FRA"]
[SourceTitle "CBM 201 Extra"]
[Source "ChessBase"]
[SourceDate "2021.05.31"]
[SourceVersion "1"]
[SourceVersionDate "2021.05.31"]
[SourceQuality "1"]

1. e4 c5 2. Nf3 Nc6 3. d4 cxd4 4. Nxd4 e5 5. Nb5 d6 6. c4 a6 7. N5c3 Nf6 8. Bg5 Be7 9. Bxf6 Bxf6 10. Nd5 0-0 11. Bd3 Bg5 12. h4 Be7 13. Qh5 Nd4 14. Nbc3 Be6 15. f4 f6 16. f5 Bf7 17. Qd1 Qa5 18. Nxe7+ Kh8 19. Ned5 Bxd5 20. cxd5 Rac8 21. 0-0 b5 22. Ne2 Nxe2+ 23. Qxe2 Rc7 24. Rfc1 Rfc8 25. Qd1 Qb6+ 26. Kh2 Rc5 27. Rxc5 Rxc5 28. Rc1 Qc7 29. Rxc5 Qxc5 30. Qc2 Qxc2 31. Bxc2 Kg8 32. a4 b4 33. a5 Kf7 34. Bd3 Ke7 35. Bxa6 Kd7 36. Bb5+ Kc7 37. h5 Kb7 38. h6 gxh6 39. Kh3 b3 40. Kh4 Kc7 41. Kh5 1-0